| 000 | 00377nam a2200145 a 4500 | ||
|---|---|---|---|
| 005 | 20140412111223.0 | ||
| 008 | 100122s19uu xx 00 eng d | ||
| 020 | _a0-590-44188-4 | ||
| 050 |
_aTR(PS E _bD44 1973 |
||
| 100 | _adePaola, Tomie | ||
| 245 |
_aCharlie needs a Cloak / _cTomie depaola. |
||
| 260 |
_aU.S.A : _bScholastic, _c1973. |
||
| 300 | _aunp. | ||
| 999 |
_c101984 _d101984 |
||